Ekanāthī Bhāgavatāntīla pāramārthika śikavaṇa. (Record no. 70809)

MARC details
000 -LEADER
fixed length control field 00621cam a22002171 4500
001 - CONTROL NUMBER
control field sa 66006932
003 - CONTROL NUMBER IDENTIFIER
control field DLC
005 - DATE AND TIME OF LATEST TRANSACTION
control field 20260227112300.0
008 - FIXED-LENGTH DATA ELEMENTS--GENERAL INFORMATION
fixed length control field 890619s1966 ii 000 0 maro
010 ## - LIBRARY OF CONGRESS CONTROL NUMBER
LC control number sa 66006932
035 ## - SYSTEM CONTROL NUMBER
System control number (OCoLC)19894636
040 ## - CATALOGING SOURCE
Original cataloging agency DLC
Transcribing agency WaU
Modifying agency DLC
042 ## - AUTHENTICATION CODE
Authentication code premarc
050 00 - LIBRARY OF CONGRESS CALL NUMBER
Classification number BL1146.E4
Item number E48
100 1# - MAIN ENTRY--PERSONAL NAME
Personal name Tulpule, Ganesh Vishnu,
Dates associated with a name 1890-
245 10 - TITLE STATEMENT
Title Ekanāthī Bhāgavatāntīla pāramārthika śikavaṇa.
260 ## - PUBLICATION, DISTRIBUTION, ETC.
Date of publication, distribution, etc. [1966]
300 ## - PHYSICAL DESCRIPTION
Extent 11, 257 p.
Dimensions 18 cm.
500 ## - GENERAL NOTE
General note In Marathi.
600 00 - SUBJECT ADDED ENTRY--PERSONAL NAME
Personal name Ekanātha,
Dates associated with a name approximately 1548-approximately 1609.
Title of a work Ekanāthī Bhāgavata.

No items available.

Powered by Koha